000 00869nam a2200253Ia 4500
003 OSt
005 20221005112406.0
006 a|||||r|||| 00| 0
007 ta
008 221004b |||||||| |||| 00| 0 per d
020 _a9788190746625 (pbk)
_cINR 200.00
024 _a45278
037 _b1061, 12/02/2019, H.K. Prakashan
_cTextual
040 _aCRL
_cCRL
_bper
041 _2per
_aper
082 _aO164,3F93x, 153Q8
100 _aੇ॥ ਸਾਅਦੀ, ਂਚ।
_9168644
245 0 _aਗੁਲਿਸਤਾਂ
260 _aਸਮਾਣਾ
_bਸੰਗਮ ਪਬਲੀਕੇਨਗ਼ ਭਾਰਤ
_c2018
300 _a182ਪ੍ਰ0
_ccm.
650 _aਪੰਜਾਬੀ ਸਾਹਿਤ
942 _hO164,3F93x, 153Q8
_cTEXL
_2cc
999 _c1024733
_d1024733